Statistics for Alpha level Global Cities

Click here to take the quiz!

General Stats

  • This quiz has been taken 26 times
  • The average score is 45 of 55

Answer Stats

Level Continent Answer % Correct
Alpha++EuropeLondon
100%
Alpha++North AmericaNew York City
100%
Alpha+AsiaDubai
100%
Alpha+EuropeParis
100%
Alpha+AsiaShanghai
100%
Alpha+OceaniaSydney
100%
AlphaNorth AmericaLos Angeles
100%
AlphaNorth AmericaChicago
95%
AlphaNorth AmericaMiami
95%
AlphaNorth AmericaMexico City
95%
AlphaOceaniaMelbourne
95%
AlphaEuropeMadrid
95%
Alpha-North AmericaSan Francisco
95%
Alpha+AsiaBeijing
95%
Alpha+AsiaTokyo
95%
AlphaNorth AmericaToronto
90%
AlphaAsia/EuropeIstanbul
90%
Alpha-AsiaNew Delhi
90%
Alpha-EuropeVienna
90%
AlphaAsiaBangkok
90%
Alpha+AsiaSingapore
90%
Alpha+AsiaHong Kong
90%
AlphaEuropeMilan
90%
AlphaEuropeMoscow
90%
AlphaAsiaMumbai
90%
Alpha-EuropeAmsterdam
90%
Alpha-EuropeStockholm
86%
Alpha-EuropeRome
86%
Alpha-EuropeBarcelona
86%
AlphaSouth AmericaSao Paulo
86%
AlphaAsiaSeoul
86%
AlphaEuropeBrussels
86%
AlphaEuropeFrankfurt
86%
Alpha-AsiaManila
81%
AlphaSouth AmericaBuenos Aires
81%
AlphaAsiaJakarta
81%
Alpha-EuropeLisbon
76%
AlphaEuropeZurich
76%
AlphaAsiaKuala Lumpur
76%
AlphaEuropeWarsaw
76%
Alpha-North AmericaWashington DC
71%
Alpha-AfricaJohannesburg
71%
Alpha-North AmericaHouston
71%
Alpha-North AmericaMontreal
67%
Alpha-EuropeMunich
67%
Alpha-EuropePrague
67%
AlphaAsiaGuangzhou
67%
Alpha-South AmericaSantiago
67%
Alpha-South AmericaBogota
67%
AlphaAsiaTaipei
62%
Alpha-AsiaRiyadh
57%
Alpha-EuropeDublin
57%
Alpha-EuropeBudapest
52%
Alpha-EuropeLuxembourg
48%
Alpha-AsiaShenzhen
33%

Score Distribution

Percentile by Number Answered

Percent of People with Each Score

Your Score History

You have not taken this quiz